Pelan Pemulihan Ekonomi Negara : Agenda Tindakan

Bibliographic Details
Corporate Author: Majlis tindakan ekonomi negara
Format: Book
Language:Malay
Published: Kuala Lumpur : Unit Perancang Ekonomi 1998
Subjects:

MARC

LEADER 00000cam a2200000 7i4500
001 0000005789
005 20240930.0
008 240418 my may
040 |a INS   |b eng   |e rda 
090 0 0 |a RHC445.5   |b .P45 1998 
245 1 0 |a Pelan Pemulihan Ekonomi Negara :   |b Agenda Tindakan   |c Majlis Tindakan Ekonomi Negara 
264 1 |a Kuala Lumpur :   |b Unit Perancang Ekonomi   |c 1998 
300 |a xiii, 252 pages ;   |c 27 cm. 
336 |a text  |2 rdacontent 
337 |a unmediated  |2 rdamedia 
338 |a volume  |2 rdacarrier 
651 0 |a Malaysia   |x Economic Conditions 
651 0 |a Malaysia   |x Economic Policy 
710 2 |a Majlis tindakan ekonomi negara 
999 |a 0000007312   |b BOOK   |c Reference   |e Default branch